[Event "Daireaux IRT 3rd"]
[Site "Daireaux"]
[Date "2019.07.07"]
[Round "4.1"]
[White "Pacho, Jano"]
[Black "Surgen, Marcos"]
[Result "1-0"]
[WhiteElo "2074"]
[BlackElo "2084"]
[PlyCount "99"]
[EventDate "2019.07.06"]
[EventType "swiss"]
[EventRounds "7"]
[EventCountry "ARG"]
[SourceTitle "EXT 2024"]
[Source "ChessBase"]
[SourceDate "2023.10.10"]
[SourceVersion "1"]
[SourceVersionDate "2023.10.10"]
[SourceQuality "1"]

1. e4 c6 2. d4 d5 3. e5 Bf5 4. h4 Qb6 5. Nc3 h6 6. g4 Bd7 7. a3 e6 8. Be3 c5 9. dxc5 Bxc5 10. Bxc5 Qxc5 11. Nf3 Nc6 12. Ne2 Nge7 13. b4 Qc4 14. Qd3 Qxd3 15. cxd3 f6 16. exf6 gxf6 17. Rg1 Ng6 18. d4 e5 19. h5 e4 20. Nd2 Nf8 21. b5 Ne7 22. Nf4 Rc8 23. Rg3 Rg8 24. Be2 Ne6 25. Nxe6 Bxe6 26. Nf1 f5 27. gxf5 Nxf5 28. Rxg8+ Bxg8 29. Bg4 Be6 30. Bxf5 Bxf5 31. Ne3 Be6 32. Kd2 Ke7 33. Rg1 Rg8 34. Rg3 Rxg3 35. fxg3 Kf6 36. Ng2 Kg5 37. Ke3 Bf7 38. Nf4 Kg4 39. Kf2 e3+ 40. Kxe3 Kxg3 41. Ng6 Be6 42. a4 Kg4 43. Ne7 Bf7 44. Nc8 Be6 45. Nxa7 Kxh5 46. Kf4 Kg6 47. a5 Kf6 48. a6 b6 49. Nc6 Bc8 50. Nd8 1-0

[Event "ARG-ch Amateur U2300"]
[Site "Torre Blanca"]
[Date "2016.12.09"]
[Round "4.16"]
[White "Miravent, Pablo"]
[Black "Surgen, Marcos"]
[Result "0-1"]
[WhiteElo "2116"]
[BlackElo "1995"]
[PlyCount "44"]
[EventDate "2016.12.08"]
[EventType "swiss"]
[EventRounds "8"]
[EventCountry "ARG"]
[SourceTitle "EXT 2024"]
[Source "ChessBase"]
[SourceDate "2023.10.10"]
[SourceVersion "1"]
[SourceVersionDate "2023.10.10"]
[SourceQuality "1"]

1. d4 d5 2. Nf3 Nf6 3. e3 Bg4 4. h3 Bh5 5. g4 Bg6 6. Ne5 Nbd7 7. h4 e6 8. Nxg6 hxg6 9. Bg2 c6 10. Nc3 Bd6 11. g5 Ng8 12. Bd2 Nb6 13. Qe2 Nc4 14. e4 Ne7 15. exd5 cxd5 16. Nb5 Nxd2 17. Qxd2 Nf5 18. Nxd6+ Qxd6 19. 0-0-0 0-0-0 20. Rh3 Rxh4 21. Qa5 Qf4+ 22. Kb1 Rxh3 0-1